| 000 | 00578nam a2200181 i 4500 | ||
|---|---|---|---|
| 001 | 26069 | ||
| 003 | ES-MaACL | ||
| 005 | 20230906153400.0 | ||
| 007 | t| | ||
| 008 | 030107s1967 sp ||||1| fre d | ||
| 100 | 1 |
_aArnels, Román de. _923087 |
|
| 245 | 1 | 3 |
_aLa venue de la Vierge et les glories du "Pilar"... / _cRomán de Arnels ; Traduit par F. Idoipe. |
| 250 | _a2e ed. | ||
| 260 |
_a[S.l. : _bs.n., _cs.a] ( _eZaragoza : _fTall. Ed. "El Noticiero", _g1967) |
||
| 300 |
_a55 p. : _bil. ; _c17 cm. |
||
| 700 | 1 |
_aIdoipe, F. _965050 |
|
| 852 |
_aES-MaACL _j2059-F-11 _bR.63754 |
||
| 999 |
_c26069 _d26069 |
||